Top 100 NBA Players for 2023-24 - Statistics

General Stats
  • This quiz has been taken 444 times
  • The average score is 81 of 100
Answer Stats
# Team Player % Correct
1 Bucks Giannis Antetokounmpo
99%
5 Warriors Stephen Curry
99%
9 Lakers LeBron James
98%
4 Mavericks Luka Doncic
98%
2 Nuggets Nikola Jokic
98%
10 Lakers Anthony Davis
97%
11 Suns Devin Booker
97%
6 Celtics Jayson Tatum
97%
3 76ers Joel Embiid
97%
7 Suns Kevin Durant
97%
12 Heat Jimmy Butler
96%
8 Thunder Shai Gilgeous-Alexander
96%
14 Bucks Damian Lillard
95%
17 Nuggets Jamal Murray
95%
13 Timberwolves Anthony Edwards
94%
19 Celtics Jaylen Brown
94%
24 Clippers Kawhi Leonard
94%
60 Hawks Dejounte Murray
93%
15 Cavaliers Donovan Mitchell
93%
41 Warriors Klay Thompson
93%
18 Clippers Paul George
93%
16 Heat Bam Adebayo
92%
35 Grizzlies Ja Morant
92%
20 Timberwolves Karl-Anthony Towns
92%
29 Hawks Trae Young
92%
23 Kings De'Aaron Fox
91%
34 Mavericks Kyrie Irving
91%
57 Pelicans Zion Williamson
91%
22 Kings Domantas Sabonis
90%
55 Warriors Draymond Green
90%
48 Hornets LaMelo Ball
90%
21 Pacers Tyrese Haliburton
90%
80 Rockets Jalen Green
89%
26 Celtics Jrue Holiday
89%
25 Raptors Pascal Siakam
89%
39 Bulls DeMar DeRozan
88%
32 Knicks Jalen Brunson
88%
43 76ers James Harden
88%
47 Spurs Victor Wembanyama
88%
38 Bulls Zach LaVine
88%
37 Suns Bradley Beal
87%
31 Grizzlies Jaren Jackson Jr.
87%
45 Knicks Julius Randle
87%
27 Pelicans Brandon Ingram
86%
30 Magic Paolo Banchero
86%
36 Cavaliers Darius Garland
85%
28 Jazz Lauri Markkanen
85%
42 76ers Tyrese Maxey
85%
97 Mavericks Grant Williams
84%
95 Thunder Jalen Williams
84%
46 Bucks Khris Middleton
84%
33 Nets Mikal Bridges
84%
89 Trail Blazers Robert Williams III
84%
62 Celtics Kristaps Porzingis
83%
64 Timberwolves Rudy Gobert
83%
51 Nuggets Aaron Gordon
82%
50 Cavaliers Jarrett Allen
82%
54 Warriors Andrew Wiggins
80%
40 Cavaliers Evan Mobley
80%
72 Wizards Jordan Poole
79%
69 Bucks Brook Lopez
78%
49 Trail Blazers Deandre Ayton
78%
76 Warriors Chris Paul
77%
44 Pelicans CJ McCollum
76%
56 Rockets Fred VanVleet
76%
63 Raptors Scottie Barnes
76%
74 Pistons Cade Cunningham
75%
61 Grizzlies Desmond Bane
75%
96 Kings Harrison Barnes
75%
53 Thunder Josh Giddey
75%
79 Heat Tyler Herro
75%
66 Lakers Austin Reaves
74%
68 Nuggets Michael Porter Jr.
74%
85 Trail Blazers Anfernee Simons
73%
52 Magic Franz Wagner
72%
65 Pacers Myles Turner
72%
73 Thunder Chet Holmgren
71%
94 Clippers Russell Westbrook
71%
86 Wizards Kyle Kuzma
70%
59 Grizzlies Marcus Smart
70%
75 Bulls Nikola Vucevic
70%
83 76ers Tobias Harris
69%
71 Knicks RJ Barrett
68%
84 Hawks Clint Capela
64%
100 Knicks Mitchell Robinson
64%
78 Trail Blazers Scoot Henderson
62%
77 Jazz Jordan Clarkson
61%
82 Nets Cameron Johnson
60%
88 Warriors Kevon Looney
60%
67 Raptors OG Anunoby
60%
58 Trail Blazers Jerami Grant
59%
93 Timberwolves Mike Conley
59%
98 Jazz Collin Sexton
57%
99 Pelicans Jonas Valanciunas
56%
70 Jazz Walker Kessler
54%
87 Pacers Buddy Hield
53%
92 Knicks Immanuel Quickley
50%
91 Knicks Josh Hart
50%
81 Bucks Bobby Portis
49%
90 Jazz John Collins
48%
No matching quizzes found
Score Distribution
Percent of People with Each Score
Percentile by Number Answered
Your Score History
You have not taken this quiz